| 000 | 005570000a22002050004500 | ||
|---|---|---|---|
| 003 | LK-CoMWRAF | ||
| 005 | 20230913115117.0 | ||
| 008 | 230817t ||||| |||| 00| 0 eng d | ||
| 040 |
_aLK-CoMWRAF _dLK-CoMWRAF _eLK-CoMWRAF |
||
| 041 | _aeng | ||
| 082 |
_a297.122 _bSAF |
||
| 100 | _aSafiur-Rahman, A.L.Shaykh | ||
| 245 |
_aTAFSIR IBN KATHIR : _bPart 1 & 2 (Surat Al-Fatihah to Surat Al-Baqarah) |
||
| 250 | _a1st Edition | ||
| 260 |
_aRiyadh : _bDarussalam, |
||
| 300 | _a696p | ||
| 490 | _aVolume 1 | ||
| 650 | _a Qurʾan-Commentaries; | ||
| 942 | _cBK | ||
| 999 |
_c371 _d371 |
||